555 profilů zahraničních režisérů 1.díl

Bibliographic Details
Main Authors: Brož, Jaroslav, 1907-1977 (Author), Frída, Myrtil, 1914-1978 (Author)
Format: Book
Language:Undetermined
Czech
PhysicalDescription:232 s.
Published: Praha Český filmový ustav 1971
Subjects:

MARC

LEADER 00000nam a2200000 a 4500
001 vtls001451643
003 SK-MaSNL
005 20260301183216.0
008 240318s1971 xr 0 und
035 |a SNK000406950 
040 |a SNK  |b slo  |c SNK  |e AACR2 
041 0 |a cze 
080 |a 791.633-051  |2 2001 
100 1 |a Brož, Jaroslav,  |d 1907-1977  |4 aut  |9 258325 
245 1 0 |a 555 profilů zahraničních režisérů  |n 1.díl  |c Jaroslav Brož, Myrtil Frída 
260 |a Praha  |b Český filmový ustav  |c 1971 
300 |a 232 s. 
650 0 7 |a filmoví režiséri  |2 SNKPH  |9 3133 
700 1 |a Frída, Myrtil,  |d 1914-1978  |4 aut  |9 258357 
852 |a Štátna vedecká knižnica v Banskej Bystrici 
958 |a OND 
999 |c 856183  |d 858113 
952 |t P60, <04>, [BOOK], {604}  |a SNK  |b SNK  |y VYP  |7 0  |p 17A0379093  |o snkID 60618/1  |0 0  |1 0  |4 0  |d 2003-03-18  |l 0  |r 2005-01-02 00:00:00  |w 2026-02-24